| 000 | 01017pam a2200325 i 4500 | ||
|---|---|---|---|
| 999 |
_c890 _d890 |
||
| 001 | 016598187 | ||
| 003 | Uk | ||
| 005 | 20191224144859.0 | ||
| 008 | 140404s2014 stka j 000 1 eng c | ||
| 015 |
_aGBB403411 _2bnb |
||
| 016 | 7 |
_a016598187 _2Uk |
|
| 020 | _a9781781123546 (pbk.) : | ||
| 035 | _a(StEdNL)5146157 | ||
| 040 |
_aStDuBDS _beng _cStDuBDS _dStEdNL _dUk _erda |
||
| 042 | _aukscp | ||
| 082 | _aFIC MAC | ||
| 100 | 1 |
_aMacPhail, Catherine, _d1946- _eauthor. |
|
| 245 | 1 | 0 |
_aAnnie's choice / _cCatherine MacPhail ; with illustrations by Vladimir Stankovic. |
| 264 | 1 |
_aEdinburgh : _bBarrington Stoke, _c2014. |
|
| 300 |
_a55 pages : _billustrations ; _c20 cm |
||
| 336 |
_atext _2rdacontent |
||
| 337 |
_aunmediated _2rdamedia |
||
| 338 |
_avolume _2rdacarrier |
||
| 440 | _aSuper readable | ||
| 500 |
_aFormerly CIP. _5Uk |
||
| 500 | _a"This book is also dyslexia friendly"--Sticker on back cover. | ||
| 655 | 0 | _aChildren's stories. | |
| 700 | 1 |
_aStankovic, Vladimir _eillustrator. |
|
| 942 |
_2ddc _cFIC |
||